000 00435nam a2200181Ia 4500
001 8933
005 20260306160646.0
008 260306t2007||||xx |||||||||||||| ||spa||
041 _aESP
082 _a371.93
_bB73
100 _aBonet Camañe, Trinidad
_eAUT
245 0 _aAprendiendo con los niños hiperactivos
260 _c2007
300 _a140 páginas :
_ccm.
650 _aGEN
654 _aCED
942 _cLIB
_dJUS
_fJUS
_2ddc
_n
999 _c8933
_d8933